UBT Library

Marriage and divorce: a social and economic study (Record no. 40417)

000 -LEADER
fixed length control field 00616nam a2200229 4500
001 - CONTROL NUMBER
control field 1811872
005 - DATE AND TIME OF LATEST TRANSACTION
control field 20180117040456.0
008 - FIXED-LENGTH DATA ELEMENTS--GENERAL INFORMATION
fixed length control field 700715s1970 maua bs 001 0 eng
010 ## - LIBRARY OF CONGRESS CONTROL NUMBER
LC control number 79105369
020 ## - INTERNATIONAL STANDARD BOOK NUMBER
International Standard Book Number 0674550757
040 ## - CATALOGING SOURCE
Original cataloging agency DLC
Transcribing agency DLC
Modifying agency DLC
041 ## - LANGUAGE CODE
Language code of text/sound track or separate title eng
080 ## - UNIVERSAL DECIMAL CLASSIFICATION NUMBER
Universal Decimal Classification number 301.42 CAR
082 00 - DEWEY DECIMAL CLASSIFICATION NUMBER
Classification number 301.42 CAR
100 1# - Rafti
Rafti 52
101 ## - Shkurtesa
Shkurtesa ECO
245 10 - TITLE STATEMENT
Title Marriage and divorce: a social and economic study
Statement of responsibility, etc [by] Hugh Carter and Paul C. Glick.
350 ## - PRICE (NR) (BK AM CF MU VM SE) [OBSOLETE]
Price 8.50
504 ## - BIBLIOGRAPHY, ETC. NOTE
Bibliography, etc Includes bibliographical references.
906 ## - LOCAL DATA ELEMENT F, LDF (RLIN)
a 7
b cbc
c orignew
d 4
e ncip
f 19
g y-gencatlg
942 ## - ADDED ENTRY ELEMENTS (KOHA)
Source of classification or shelving scheme
Item type Books
Holdings
Withdrawn status Lost status Source of classification or shelving scheme Damaged status Not for loan Collection code Permanent location Current location Shelving location Date acquired Total Checkouts Full call number Barcode Date last seen Price effective from Koha item type
          Koleksioni i përgjithshem UBT - Lipjan UBT - Lipjan Koleksioni i përgjithshem 01/17/2018   301.42 CAR 002-2995647 01/17/2018 01/17/2018 Books
UBT Library © 2015-2024. All rights reserved University Education for Business and Technology